| 000 | 00940cam a2200181ua 4500 | ||
|---|---|---|---|
| 020 | _c2.00 | ||
| 041 |
_amal _h |
||
| 082 |
_a894.8125 _bNBS/PA |
||
| 110 | 1 |
_aNational book stall . _b _c(Kottayam ) |
|
| 245 |
_aParishad prasangangal / _cNational book stall. _hTextual Documents |
||
| 250 |
_a1 / _b. |
||
| 260 |
_aKottayam : _bNational Book Stall , _c1966. |
||
| 300 | _a ; . | ||
| 365 | _a2.00 | ||
| 504 | _a | ||
| 942 | _cBK | ||
| 999 |
_c4148 _d4148 |
||